| 000 | 00739nam a22002177a 4500 | ||
|---|---|---|---|
| 005 | 2010091405275.0 | ||
| 020 |
_a9780736068376 _c1127.00 |
||
| 037 | _bUBH | ||
| 082 | _a796.355 | ||
| 100 |
_aAnders, Elizabeth _919968 |
||
| 245 |
_aField hockey: _cby Elizabeth Anders with Sue Myers _bstep to success / |
||
| 250 | _a2nd ed. | ||
| 260 |
_aChampaign _bHuman Kinetics _c2008 |
||
| 270 |
_aP.O. Box, 5076, _bChampaign |
||
| 300 |
_axx, 220p. _bill. _c30cm(pbk) |
||
| 500 | _aIncludes glossary | ||
| 700 |
_aMyers, Sue _919967 |
||
| 942 |
_2ddc _cEN _h796.355 _mAND |
||
| 999 |
_c45667 _d45667 |
||